00541nam a2200169Ia 4500003000900000008004100009020001800050040001600068080001800084100002100102245013300123260003700256300001000293650004100303650001400344650001300358IN-BaIIA211028s9999 xx 000 0 eng d a0-88126-702-3 cIIA Library a524.83bPAC-2 aPacholczyk, A. G 4aThe catastrophic universeban essay in the philosophy of cosmologycA. G. Pacholczyk  aTucsonbPachard Publishingc1984 a126p. aAstronomy and astrophysics thesaurus aCosmology aUniverse